Enseñanza y orientación escolar en el futuro / Maurice Reuchlin
Descripción Física:
98 p. ; 22 cm
Materias:
Ensenyament
MARC
| LEADER | 00000nam a2200000Ia 4500 | ||
|---|---|---|---|
| 001 | 1381 | ||
| 008 | 160829s1974 xx 000 0 cat d | ||
| 080 | |a E-1-92 | ||
| 100 | |a Reuchlin, Maurice |9 25421 | ||
| 245 | |a Enseñanza y orientación escolar en el futuro / Maurice Reuchlin | ||
| 260 | |a Madrid : |b ICCE, |c 1974 | ||
| 300 | |a 98 p. ; |c 22 cm | ||
| 490 | |a Colección ciencias de la educación. Serie Europa 2000 | ||
| 650 | |a Ensenyament |9 22046 | ||
| 901 | |a Arxiu | ||
| 942 | |n 1 | ||
| 952 | |0 0 |1 0 |4 0 |6 E192 |7 1 |9 43609 |a Arxiu |b Arxiu |d 2016-12-01 |l 0 |o E-1-92 |p 1381 |r 2016-12-01 00:00:00 |w 2016-12-01 |y ARXIU | ||
| 999 | |c 46157 |d 46157 | ||